01435cam a22003617a 4500003000500000005001700005008004100022010001000063011001000073035001000083040000900093090001000102100005100112245011400163260004200277300002300319502008500342590003700427590004100464590004100505590004100546590004100587590004100628590004200669650004700711650003300758710007900791901000700870942001000877949004200887999001700929952012700946CHAP20220329141520.0971013s1989 r 00010 d a69387 a70359 a79840 cCHAP aTesis00aMartínez Rodríguez, Rafael Paulino.972474 0aAlgunas alternativas para la planeación de la operación del Distrito de Riego No. 30, Valsequillo, Puebla aMontecillo, Méx. :bEl autor,c1989 a189 h.b; gráfs. aTesis (Maestro en Ciencias Esp. en Hidrociencias) -- CP. Centro de Hidrociencias aALEPHb10c20130110lUCH01h1407 aBATCH-UPDb10c20130110lUCH01h0013 aBATCH-UPDb10c20130110lUCH01h0705 aBATCH-UPDb10c20130409lUCH01h1951 aBATCH-UPDb10c20130410lUCH01h0350 aBATCH-UPDb10c20130914lUCH01h1209 aCONVERSIONb10c20130109lUCH01h133814aDistrito de Riego Valsequillo, Pue.93295414aIrrigaciónxPuebla.9604760 aColegio de Postgraduados. Chapingo, Méx. Centro de Hidrociencias.925085 aBK cTESIS bBCcTESd-32730eTS1h22168i79840si c69387d69387 00102local4051708TESISaBCbBCcPA_TESISd2019-12-31fTESISl0oTesisp-32730r2019-12-31 00:00:00w2019-12-31yTESIS